Scientology (Record no. 130)

MARC details
000 -LEADER
fixed length control field 00424 a2200169 4500
003 - CONTROL NUMBER IDENTIFIER
control field OSt
005 - DATE AND TIME OF LATEST TRANSACTION
control field 20230602122905.0
008 - FIXED-LENGTH DATA ELEMENTS--GENERAL INFORMATION
fixed length control field 230602b xxu||||| |||| 00| 0 eng d
020 ## - INTERNATIONAL STANDARD BOOK NUMBER
International Standard Book Number 9781403144195
040 ## - CATALOGING SOURCE
Transcribing agency /
082 ## - DEWEY DECIMAL CLASSIFICATION NUMBER
Classification number 299.93620
Item number HUB
100 ## - MAIN ENTRY--PERSONAL NAME
Titles and words associated with a name L.Ron Hubbard
245 ## - TITLE STATEMENT
Title Scientology
Remainder of title The Fundamentals of Thought
260 ## - PUBLICATION, DISTRIBUTION, ETC. (IMPRINT)
Place of publication, distribution, etc. Califonia
Name of publisher, distributor, etc. Bridge Publications, Inc
Date of publication, distribution, etc. 1956
300 ## - PHYSICAL DESCRIPTION
Extent 243 pages
942 ## - ADDED ENTRY ELEMENTS (KOHA)
Source of classification or shelving scheme Dewey Decimal Classification
Koha item type Books
Holdings
Withdrawn status Lost status Source of classification or shelving scheme Damaged status Not for loan Home library Current library Date acquired Total Checkouts Full call number Barcode Date last seen Price effective from Koha item type
    Dewey Decimal Classification     Bunge Tower Library Bunge Tower Library 06/02/2023   299.93620 HUB 10014688 06/02/2023 06/02/2023 Books
LIBRARY OPENING HOURS

When the Parliament is sitting: 8.00a.m - 7.00p.m or until the house adjourns
Mondays and Fridays and when the House is on Recess:  8.00a.m - 5.00p.m
Closed on Weekends and Public Holidays

Online Public Access Catalog (OPAC)
Website: http://www.parliament.go.ke
Bunge Library: https://libraryir.parliament.go.ke
Contact: library@parliament.go.ke | Tel no: (254-2)2221291 or 2848000 Ext 5043